[Event "21. Copenhagen Open  (Politiken Cup)"]
[Site "Copenhagen"]
[Date "1999.07.13"]
[Round "10"]
[White "Vistisen, Lars"]
[Black "Berg, Olaf"]
[Result "1-0"]
[WhiteElo "2199"]
[BlackElo "1530"]
[PlyCount "77"]
[EventDate "1999.07.03"]
[EventType "swiss"]
[EventRounds "11"]
[EventCountry "DEN"]
[SourceDate "2004.01.01"]

1. e4 c5 2. c3 Nf6 3. e5 Nd5 4. d4 cxd4 5. Nf3 e6 6. cxd4 b6 7. Bd3 Bb7 8. O-O
Qc7 9. Nbd2 Nc6 10. Ne4 a6 11. Bd2 d6 12. Rc1 Qb8 13. Re1 Ndb4 14. Bxb4 Nxb4
15. Qa4+ Nc6 16. Rxc6 b5 17. Qc2 Bxc6 18. Qxc6+ Kd8 19. Nxd6 Bxd6 20. exd6 Ra7
21. Ng5 h6 22. Ne4 Qb7 23. Rc1 Re8 24. f4 f5 25. Qxb7 Rxb7 26. Nc5 Rb6 27. Kf2
g5 28. g3 Rg8 29. Nxe6+ Kd7 30. Bxf5 Kxd6 31. Kf3 gxf4 32. Nxf4 b4 33. Rc5 Rc6
34. Rd5+ Ke7 35. Re5+ Kf8 36. d5 Rc1 37. d6 Rd1 38. d7 Kf7 39. Be6+ 1-0

[Event "21. Copenhagen Open  (Politiken Cup)"]
[Site "Copenhagen"]
[Date "1999.07.14"]
[Round "11"]
[White "Adamski, Jan"]
[Black "Rasmussen, Casper Dahl"]
[Result "1/2-1/2"]
[WhiteElo "2418"]
[BlackElo "2240"]
[PlyCount "47"]
[EventDate "1999.07.03"]
[EventType "swiss"]
[EventRounds "11"]
[EventCountry "DEN"]
[SourceDate "2004.01.01"]

1. Nf3 d6 2. d4 g6 3. c4 Bg7 4. Nc3 e5 5. dxe5 dxe5 6. Qxd8+ Kxd8 7. Bd2 f6 8.
O-O-O Ke8 9. e3 Be6 10. Rg1 Ne7 11. g4 Nbc6 12. Ne4 b6 13. Bc3 Kf7 14. Be2 Rad8
15. Rxd8 Rxd8 16. h4 h6 17. b3 Nc8 18. g5 hxg5 19. hxg5 f5 20. Nf6 e4 21. Ne5+
Nxe5 22. Bxe5 Nd6 23. Rh1 Rh8 24. Rxh8 1/2-1/2

[Event "21. Copenhagen Open  (Politiken Cup)"]
[Site "Copenhagen"]
[Date "1999.07.14"]
[Round "11"]
[White "Barkhagen, Jonas"]
[Black "Aagaard, Jacob"]
[Result "1-0"]
[WhiteElo "2442"]
[BlackElo "2403"]
[PlyCount "50"]
[EventDate "1999.07.03"]
[EventType "swiss"]
[EventRounds "11"]
[EventCountry "DEN"]
[SourceDate "2004.01.01"]

1. d4 Nf6 2. c4 e6 3. Nf3 b6 4. g3 Ba6 5. Nbd2 d5 6. cxd5 exd5 7. Bg2 Be7 8.
O-O O-O 9. Ne5 Bb7 10. Ndf3 c5 11. Bf4 Na6 12. Bh3 Ne4 13. Qa4 g5 14. Be3 f5
15. Nc6 Bxc6 16. Qxc6 Rf6 17. Qb7 b5 18. Ne5 Nc7 19. Nc6 Qd7 20. Nxe7+ Qxe7 21.
dxc5 Qd8 22. Bd4 Re6 23. Bxf5 Rb8 24. Qxc7 Qxc7 25. Bxe6+ Kf8 1-0

[Event "21. Copenhagen Open  (Politiken Cup)"]
[Site "Copenhagen"]
[Date "1999.07.14"]
[Round "11"]
[White "Bekker Jensen, Anne"]
[Black "Pedersen, Bent O"]
[Result "1/2-1/2"]
[WhiteElo "2074"]
[BlackElo "1702"]
[PlyCount "92"]
[EventDate "1999.07.03"]
[EventType "swiss"]
[EventRounds "11"]
[EventCountry "DEN"]
[SourceDate "2004.01.01"]

1. d4 f5 2. g3 Nf6 3. Bg2 e6 4. c4 d5 5. Nh3 c6 6. O-O Bd6 7. Bf4 O-O 8. Bxd6
Qxd6 9. Nd2 Nbd7 10. Nf3 e5 11. dxe5 Nxe5 12. cxd5 Nxd5 13. Nf4 Nxf3+ 14. Bxf3
Be6 15. Nxe6 Qxe6 16. Qb3 Qf7 17. Bxd5 cxd5 18. Rad1 Rad8 19. Rd4 Rd7 20. Rfd1
Rfd8 21. Qa3 Qe7 22. Qd3 Qf7 23. Rf4 g6 24. g4 Qf6 25. gxf5 gxf5 26. Kh1 Rg7
27. Qxf5 Qxb2 28. Rg4 Rxg4 29. Qxg4+ Qg7 30. Qe6+ Qf7 31. Rg1+ Kf8 32. Qh6+ Ke8
33. Rg7 Qf5 34. Rg8+ Kd7 35. Qg7+ Kc8 36. Qc3+ Kd7 37. Rg7+ Ke6 38. Qe3+ Qe4+
39. Qxe4+ dxe4 40. Rxb7 Rd2 41. Rxa7 Rxe2 42. Kg1 h5 43. a3 Kf5 44. a4 Ra2 45.
a5 Kg4 46. Rg7+ Kf4 1/2-1/2

[Event "21. Copenhagen Open  (Politiken Cup)"]
[Site "Copenhagen"]
[Date "1999.07.14"]
[Round "11"]
[White "Bekker Jensen, David"]
[Black "Sorensen, Torben N"]
[Result "1/2-1/2"]
[WhiteElo "2264"]
[BlackElo "2348"]
[PlyCount "121"]
[EventDate "1999.07.03"]
[EventType "swiss"]
[EventRounds "11"]
[EventCountry "DEN"]
[SourceDate "2004.01.01"]

1. d4 d5 2. c4 dxc4 3. Nf3 Nf6 4. e3 e6 5. Bxc4 c5 6. O-O a6 7. Bb3 Nc6 8. Qe2
Qc7 9. Nc3 Bd6 10. dxc5 Bxc5 11. Bd2 O-O 12. Rac1 b6 13. Na4 Be7 14. e4 Bb7 15.
Be3 Nd7 16. Rfd1 b5 17. Nc5 Nxc5 18. Bxc5 Rfd8 19. Rxd8+ Rxd8 20. Bxe7 Qxe7 21.
Rd1 g6 22. Rxd8+ Qxd8 23. Qd2 Qxd2 24. Nxd2 Nb4 25. Kf1 Nd3 26. Ke2 Nxb2 27.
Ke3 Kf8 28. Kd4 Ke7 29. f4 f5 30. exf5 gxf5 31. g3 Kd6 32. Kc3 Na4+ 33. Bxa4
bxa4 34. Kd4 Bd5 35. a3 Kc6 36. Nf1 Kd6 37. Ne3 Bb3 38. Ng2 Bd5 39. Ne3 Bb3 40.
Nf1 Bd5 41. Nd2 Bb3 42. Nf3 Bd1 43. Ng5 h6 44. Nf7+ Ke7 45. Ne5 Kd6 46. Ng6 Bh5
47. Ne5 Be2 48. Ng6 Bh5 49. Nh4 Be2 50. Ng2 Bf3 51. Ne3 Be2 52. Nc2 Bd1 53. Nb4
Be2 54. Na2 Bf1 55. Nc3 Bb5 56. Nd1 Bf1 57. Ne3 Be2 58. h3 h5 59. h4 Bb5 60.
Nd1 Be2 61. Nc3 1/2-1/2

[Event "21. Copenhagen Open  (Politiken Cup)"]
[Site "Copenhagen"]
[Date "1999.07.14"]
[Round "11"]
[White "Berg, Olaf"]
[Black "Henrichsen, Jens"]
[Result "1/2-1/2"]
[WhiteElo "1530"]
[BlackElo "2059"]
[PlyCount "25"]
[EventDate "1999.07.03"]
[EventType "swiss"]
[EventRounds "11"]
[EventCountry "DEN"]
[SourceDate "2004.01.01"]

1. e4 c5 2. Nf3 Nc6 3. d4 cxd4 4. Nxd4 Nf6 5. Nc3 e5 6. Ndb5 d6 7. Bg5 a6 8.
Na3 b5 9. Nd5 Be7 10. Bxf6 Bxf6 11. c3 O-O 12. Nc2 Bg5 13. Nce3 1/2-1/2

[Event "21. Copenhagen Open  (Politiken Cup)"]
[Site "Copenhagen"]
[Date "1999.07.14"]
[Round "11"]
[White "Birgisdottir, Ingibjorg Edda"]
[Black "Jensen, Kasper Smith"]
[Result "1/2-1/2"]
[WhiteElo "1295"]
[BlackElo "1944"]
[PlyCount "40"]
[EventDate "1999.07.03"]
[EventType "swiss"]
[EventRounds "11"]
[EventCountry "DEN"]
[SourceDate "2004.01.01"]

1. e4 e5 2. Nf3 d6 3. h3 f5 4. Nc3 Nf6 5. exf5 Bxf5 6. Bc4 d5 7. Bb3 Nc6 8. d3
Bb4 9. Bd2 O-O 10. a3 Ba5 11. O-O Kh8 12. Re1 e4 13. dxe4 Nxe4 14. Bxd5 Nxd2
15. Bxc6 Nxf3+ 16. Bxf3 Qxd1 17. Raxd1 Bxc2 18. Rc1 Bf5 19. b4 Bb6 20. Nd5 Bxh3
1/2-1/2

[Event "21. Copenhagen Open  (Politiken Cup)"]
[Site "Copenhagen"]
[Date "1999.07.14"]
[Round "11"]
[White "Bjarnason, Larus H"]
[Black "Mashiri, Artur"]
[Result "1-0"]
[WhiteElo "1550"]
[BlackElo "2073"]
[PlyCount "87"]
[EventDate "1999.07.03"]
[EventType "swiss"]
[EventRounds "11"]
[EventCountry "DEN"]
[SourceDate "2004.01.01"]

1. d4 Nf6 2. c4 e6 3. Nc3 Bb4 4. Qc2 c5 5. dxc5 Na6 6. Bd2 O-O 7. e3 Bxc5 8. a3
b6 9. b4 Be7 10. Bd3 Bb7 11. f3 Rc8 12. e4 e5 13. Nge2 Nc7 14. Qb1 Nh5 15. Kf2
Bg5 16. Ra2 Ne6 17. Nd5 Bxd2 18. Rxd2 Qg5 19. Qd1 Bxd5 20. cxd5 Nef4 21. Nxf4
Nxf4 22. Bf1 Ng6 23. Rc2 f5 24. Ba6 Rxc2+ 25. Qxc2 Nh4 26. Rg1 Qf4 27. Bd3 fxe4
28. Bxe4 Qxh2 29. Bxh7+ Kh8 30. Be4 g5 31. Qc1 Rf4 32. Qc8+ Kg7 33. Qxd7+ Rf7
34. Qg4 Kf6 35. Rc1 Qf4 36. Rc6+ Kg7 37. Qxf4 gxf4 38. Re6 Kf8 39. Rxe5 Rg7 40.
d6 Rxg2+ 41. Ke1 Rg7 42. Bc6 a5 43. Re8+ Kf7 44. Re7+ 1-0

[Event "21. Copenhagen Open  (Politiken Cup)"]
[Site "Copenhagen"]
[Date "1999.07.14"]
[Round "11"]
[White "Bogdanov, Dimitri"]
[Black "Moller, Arne"]
[Result "1-0"]
[WhiteElo "2175"]
[BlackElo "1865"]
[PlyCount "45"]
[EventDate "1999.07.03"]
[EventType "swiss"]
[EventRounds "11"]
[EventCountry "DEN"]
[SourceDate "2004.01.01"]

1. e4 c5 2. Nc3 d6 3. f4 g6 4. Nf3 Bg7 5. Bb5+ Bd7 6. Bxd7+ Nxd7 7. O-O Qa5 8.
Kh1 O-O-O 9. a3 h6 10. Rb1 e6 11. b4 cxb4 12. axb4 Qh5 13. Ra1 Ne7 14. Rxa7 Kb8
15. Ra5 f5 16. Qe1 Nc6 17. Rb5 g5 18. exf5 exf5 19. Qe6 Nf6 20. Qxf5 Rhf8 21.
h3 Nd7 22. Qd3 Rxf4 23. Qxd6+ 1-0

[Event "21. Copenhagen Open  (Politiken Cup)"]
[Site "Copenhagen"]
[Date "1999.07.14"]
[Round "11"]
[White "Bosch, Jeroen"]
[Black "Mah, Karl"]
[Result "0-1"]
[WhiteElo "2433"]
[BlackElo "2316"]
[PlyCount "182"]
[EventDate "1999.07.03"]
[EventType "swiss"]
[EventRounds "11"]
[EventCountry "DEN"]
[SourceDate "2004.01.01"]

1. e4 c5 2. Nf3 d6 3. d4 Nf6 4. Nc3 cxd4 5. Nxd4 g6 6. Be3 Bg7 7. f3 O-O 8. Qd2
Nc6 9. Bc4 Bd7 10. O-O-O Rc8 11. Bb3 Ne5 12. h4 h5 13. Bh6 Nc4 14. Bxc4 Rxc4
15. Bxg7 Kxg7 16. Kb1 Qa5 17. Nce2 Qe5 18. b3 Rc7 19. c4 b5 20. Nxb5 Bxb5 21.
cxb5 Qxb5 22. Rc1 Rfc8 23. Rxc7 Rxc7 24. Rc1 Rxc1+ 25. Nxc1 Qe5 26. Nd3 Qd4 27.
Kc2 Qb6 28. a4 d5 29. e5 Nd7 30. Qb4 Qe6 31. Qd4 a6 32. Kd2 f6 33. exf6+ Nxf6
34. Qe5 Qd7 35. Nc5 Qa7 36. b4 a5 37. Qe3 Kf7 38. b5 Qb6 39. Nd3 Qd6 40. Qf4
Qa3 41. b6 Qa2+ 42. Ke3 d4+ 43. Kxd4 Qxa4+ 44. Kc3 Qc6+ 45. Qc4+ Nd5+ 46. Kd4
Qxc4+ 47. Kxc4 Nxb6+ 48. Kb5 Nd5 49. Kxa5 Ne3 50. g3 Nf5 51. g4 hxg4 52. fxg4
Nxh4 53. Kb5 Ke6 54. Kc5 Nf3 55. Nf4+ Kf6 56. Kd5 Ne5 57. g5+ Kf5 58. Ne6 Nf3
59. Ng7+ Kxg5 60. Ke6 Nd4+ 61. Ke5 Kh6 62. Ne8 Nf5 63. Nc7 Kg7 64. Ne6+ Kf7 65.
Ng5+ Ke8 66. Ke6 Nd4+ 67. Kd5 Nb5 68. Ke6 Nd6 69. Nf3 Nf7 70. Nh4 Ng5+ 71. Ke5
Kf7 72. Ng2 Nh7 73. Nh4 Nf8 74. Nf3 Nd7+ 75. Kf4 Kf6 76. Ng5 e5+ 77. Kg4 Nf8
78. Ne4+ Ke6 79. Kf3 Nh7 80. Ke3 Nf6 81. Ng3 Ne8 82. Kf3 Nd6 83. Kg4 Kd5 84.
Nf1 Nf7 85. Nd2 Kd4 86. Nf3+ Kd3 87. Nh4 g5 88. Ng2 e4 89. Kf5 e3 90. Kf6 Ke2
91. Kxf7 Kf2 0-1

[Event "21. Copenhagen Open  (Politiken Cup)"]
[Site "Copenhagen"]
[Date "1999.07.14"]
[Round "11"]
[White "Brameld, Arthur F"]
[Black "Poulsen, Martin"]
[Result "1/2-1/2"]
[WhiteElo "2109"]
[BlackElo "1775"]
[PlyCount "29"]
[EventDate "1999.07.03"]
[EventType "swiss"]
[EventRounds "11"]
[EventCountry "DEN"]
[SourceDate "2004.01.01"]

1. d4 Nf6 2. Nf3 b6 3. e3 Bb7 4. Bd3 d6 5. b3 g6 6. Bb2 Bg7 7. Nbd2 O-O 8. Qe2
Nbd7 9. e4 e5 10. dxe5 Ng4 11. Nc4 Ngxe5 12. Nfxe5 Nxe5 13. Nxe5 Bxe5 14. Bxe5
dxe5 15. Qe3 1/2-1/2

[Event "21. Copenhagen Open  (Politiken Cup)"]
[Site "Copenhagen"]
[Date "1999.07.14"]
[Round "11"]
[White "Brantzeg, Pal"]
[Black "Hogh, Sidsel T"]
[Result "1-0"]
[WhiteElo "1476"]
[BlackElo "1150"]
[PlyCount "89"]
[EventDate "1999.07.03"]
[EventType "swiss"]
[EventRounds "11"]
[EventCountry "DEN"]
[SourceDate "2004.01.01"]

1. d4 Nf6 2. Nf3 g6 3. e3 Bg7 4. Bd3 d6 5. b4 O-O 6. O-O Re8 7. Bb2 Bg4 8. h3
Bxf3 9. Qxf3 e5 10. dxe5 dxe5 11. Qxb7 Nbd7 12. a3 Qb8 13. Qxb8 Rexb8 14. c4 a5
15. b5 a4 16. Bc2 Ne8 17. Be4 Ra7 18. Bc6 Nc5 19. Nd2 Nd6 20. Rfb1 Nf5 21. Kf1
Ne7 22. Bf3 Rd8 23. Rd1 Rd6 24. Bc3 Rd7 25. Rab1 Nc8 26. Bb4 Bf8 27. Ne4 Rxd1+
28. Rxd1 Nxe4 29. Bxf8 Kxf8 30. Bxe4 Nd6 31. Bd5 Ke7 32. Rb1 Kd7 33. c5 Nc8 34.
Bxf7 Ra5 35. Rd1+ Ke7 36. Bc4 Na7 37. Rb1 Nc8 38. Rb4 Kd7 39. Bd5 Ne7 40. Bf3
Kc8 41. Ke1 Kb8 42. Kd2 h6 43. Kc3 g5 44. Kc4 Ka7 45. Bd1 1-0

[Event "21. Copenhagen Open  (Politiken Cup)"]
[Site "Copenhagen"]
[Date "1999.07.14"]
[Round "11"]
[White "Brinck Claussen, Bjorn"]
[Black "Johansen, Terje"]
[Result "1-0"]
[WhiteElo "2354"]
[BlackElo "2231"]
[PlyCount "75"]
[EventDate "1999.07.03"]
[EventType "swiss"]
[EventRounds "11"]
[EventCountry "DEN"]
[SourceDate "2004.01.01"]

1. e4 c6 2. d4 d5 3. exd5 cxd5 4. c4 Nf6 5. Nc3 e6 6. Nf3 Bb4 7. Bd3 dxc4 8.
Bxc4 O-O 9. O-O b6 10. Bg5 Bb7 11. Qd3 Nbd7 12. a3 Bxc3 13. bxc3 Qc7 14. Ba2
Qd6 15. Rfe1 Rac8 16. a4 Nc5 17. Qc2 Nce4 18. Bxf6 Nxf6 19. Qd3 Qc6 20. c4 Rfd8
21. Bb3 Qd6 22. Rad1 Qf4 23. Qe3 Qg4 24. h3 Qe4 25. a5 Qc6 26. axb6 axb6 27.
Qg5 Ne4 28. Qh4 Nf6 29. d5 exd5 30. Nd4 Qc5 31. Nf5 dxc4 32. Ne7+ Kh8 33. Nxc8
Rxc8 34. Bxc4 Qb4 35. Qd4 Qxc4 36. Qxc4 Rxc4 37. Rd8+ Ng8 38. Rxg8+ 1-0

[Event "21. Copenhagen Open  (Politiken Cup)"]
[Site "Copenhagen"]
[Date "1999.07.14"]
[Round "11"]
[White "Byrn, Carsten"]
[Black "Rasmussen, Morten Fredsgaard"]
[Result "1/2-1/2"]
[WhiteElo "2055"]
[BlackElo "1771"]
[PlyCount "46"]
[EventDate "1999.07.03"]
[EventType "swiss"]
[EventRounds "11"]
[EventCountry "DEN"]
[SourceDate "2004.01.01"]

1. d4 d5 2. c4 c6 3. Nf3 Nf6 4. Nc3 e6 5. Bg5 Be7 6. e3 Nbd7 7. Qc2 h6 8. Bf4
O-O 9. cxd5 cxd5 10. h3 b6 11. Bd3 Bb7 12. O-O Rc8 13. Rfc1 a6 14. a4 Ne4 15.
Qe2 Nxc3 16. bxc3 a5 17. Ba6 Bxa6 18. Qxa6 Rc6 19. Qb5 Qc8 20. Qb2 Qa6 21. Qb5
Qc8 22. Qb2 Qa6 23. Qb5 Qc8 1/2-1/2

[Event "21. Copenhagen Open  (Politiken Cup)"]
[Site "Copenhagen"]
[Date "1999.07.14"]
[Round "11"]
[White "Christensen, Stefan"]
[Black "Kristjansson, Stefan"]
[Result "1/2-1/2"]
[WhiteElo "2196"]
[BlackElo "2278"]
[PlyCount "66"]
[EventDate "1999.07.03"]
[EventType "swiss"]
[EventRounds "11"]
[EventCountry "DEN"]
[SourceDate "2004.01.01"]

1. e4 e6 2. d4 d5 3. Nc3 Bb4 4. e5 c5 5. a3 Bxc3+ 6. bxc3 Qc7 7. Qg4 f5 8. Qg3
cxd4 9. cxd4 Ne7 10. Kd1 O-O 11. Bh6 Ng6 12. Bd2 Nc6 13. Nf3 Bd7 14. h4 Kh8 15.
Bd3 Rac8 16. Qg5 Nge7 17. Rh3 h6 18. Qf4 Na5 19. Bb4 Ba4 20. Ra2 Nac6 21. Bd6
Qa5 22. h5 Rf7 23. Nh4 Qb6 24. Ng6+ Kh7 25. Nxe7 Nxe7 26. Kc1 Nc6 27. Bc5 Qa5
28. g4 Qe1+ 29. Kb2 Nxe5 30. dxe5 Rxc5 31. Qxa4 Qxe5+ 32. Kc1 Qe1+ 33. Kb2 Qc3+
1/2-1/2

[Event "21. Copenhagen Open  (Politiken Cup)"]
[Site "Copenhagen"]
[Date "1999.07.14"]
[Round "11"]
[White "Christensen, Thomas"]
[Black "Van Der Weide, Karel"]
[Result "0-1"]
[WhiteElo "2231"]
[BlackElo "2434"]
[PlyCount "78"]
[EventDate "1999.07.03"]
[EventType "swiss"]
[EventRounds "11"]
[EventCountry "DEN"]
[SourceDate "2004.01.01"]

1. d4 Nf6 2. Nf3 g6 3. c4 c5 4. dxc5 Qa5+ 5. Nc3 Qxc5 6. b3 Bg7 7. Bb2 Ng4 8.
e3 Nxe3 9. Qd2 Nxf1 10. Kxf1 Qa5 11. h4 Nc6 12. h5 d6 13. h6 Be5 14. Nxe5 dxe5
15. Qe3 Be6 16. Nb5 f6 17. f4 a6 18. Bc3 Qd8 19. fxe5 axb5 20. exf6 bxc4 21.
fxe7 Kxe7 22. Qg5+ Kf7 23. Qf4+ Kg8 24. Rh3 cxb3 25. Rf3 bxa2 26. Bg7 Ne7 27.
g4 g5 28. Qe3 Bc4+ 29. Kg1 Ng6 30. Qc3 b5 31. Bxh8 Qd7 32. Bg7 Qxg4+ 33. Rg3
Qf5 34. Bf6 Rf8 35. Bd4 Nf4 36. Qe3 Ne2+ 37. Kh2 Nxg3 38. Qxg3 Qc2+ 39. Kh3
Be6+ 0-1

[Event "21. Copenhagen Open  (Politiken Cup)"]
[Site "Copenhagen"]
[Date "1999.07.14"]
[Round "11"]
[White "Clausen, Mikkel"]
[Black "Schyberg, Brian"]
[Result "1/2-1/2"]
[WhiteElo "1787"]
[BlackElo "1954"]
[PlyCount "30"]
[EventDate "1999.07.03"]
[EventType "swiss"]
[EventRounds "11"]
[EventCountry "DEN"]
[SourceDate "2004.01.01"]

1. b3 e5 2. e4 Nc6 3. Nf3 Nf6 4. Nc3 g6 5. Bb2 Bg7 6. Bc4 O-O 7. O-O Nxe4 8.
Nxe4 d5 9. Bb5 dxe4 10. Bxc6 exf3 11. Bxf3 c6 12. Re1 Re8 13. d4 Bf5 14. dxe5
Qa5 15. Re2 Bxe5 1/2-1/2

[Event "21. Copenhagen Open  (Politiken Cup)"]
[Site "Copenhagen"]
[Date "1999.07.14"]
[Round "11"]
[White "Coleman, David"]
[Black "Palo, Davor"]
[Result "1/2-1/2"]
[WhiteElo "2240"]
[BlackElo "2141"]
[PlyCount "155"]
[EventDate "1999.07.03"]
[EventType "swiss"]
[EventRounds "11"]
[EventCountry "DEN"]
[SourceDate "2004.01.01"]

1. e4 c5 2. Nf3 Nc6 3. d4 cxd4 4. Nxd4 g6 5. Nc3 Bg7 6. Be3 Nf6 7. Bc4 O-O 8.
Bb3 d6 9. f3 Bd7 10. h4 Qa5 11. Qd2 Rfc8 12. g4 Ne5 13. h5 Nc4 14. Bxc4 Rxc4
15. hxg6 hxg6 16. Nb3 Qa6 17. Bh6 Bh8 18. O-O-O Rxc3 19. bxc3 Bxg4 20. e5 Bxf3
21. exf6 Bxf6 22. Bg5 Bg7 23. Bxe7 Qxa2 24. Qh2 Bh5 25. Rd5 Qa3+ 26. Kd2 Qb2
27. Qg3 Re8 28. Rhxh5 Rxe7 29. Rh3 Qb1 30. Rxd6 Re8 31. Nc1 Qb5 32. Rd3 a5 33.
Qh4 a4 34. Rd8 Bh6+ 35. Qxh6 Rxd8+ 36. Nd3 Qe5 37. Qh7+ Kf8 38. Qh6+ Qg7 39.
Qg5 Rc8 40. Qa5 Qf6 41. Qb4+ Kg7 42. Qd4 Rc6 43. Rf3 Qxd4 44. cxd4 f5 45. Nc5
b5 46. Kc3 Rd6 47. Rd3 g5 48. Kb4 g4 49. Kxb5 f4 50. d5 g3 51. Kc4 g2 52. Rd1
f3 53. Ne4 Rg6 54. Rg1 Rg4 55. Kd3 a3 56. Ke3 a2 57. Kxf3 a1=Q 58. Rxa1 g1=Q
59. Rxg1 Rxg1 60. Kf4 Kf7 61. c4 Ke7 62. c5 Kd7 63. Ke5 Re1 64. Kd4 Rd1+ 65.
Kc4 Rc1+ 66. Nc3 Kc7 67. Kb4 Kd7 68. Nb5 Rc2 69. Nd4 Rc1 70. Kb5 Rd1 71. c6+
Kc7 72. Kc4 Rc1+ 73. Kb5 Kd6 74. Kb6 Kxd5 75. c7 Kxd4 76. Kb7 Kd5 77. c8=Q Rxc8
78. Kxc8 1/2-1/2

[Event "21. Copenhagen Open  (Politiken Cup)"]
[Site "Copenhagen"]
[Date "1999.07.14"]
[Round "11"]
[White "Dalso, Harry"]
[Black "Bering, Anders"]
[Result "1-0"]
[WhiteElo "1731"]
[BlackElo "2007"]
[PlyCount "67"]
[EventDate "1999.07.03"]
[EventType "swiss"]
[EventRounds "11"]
[EventCountry "DEN"]
[SourceDate "2004.01.01"]

1. e4 c5 2. Nf3 d6 3. d4 cxd4 4. Nxd4 Nf6 5. Nc3 g6 6. Be3 Bg7 7. f3 O-O 8. Bc4
Nc6 9. Qd2 Nd7 10. Nde2 Nb6 11. Bb3 Na5 12. Bh6 Nbc4 13. Bxc4 Nxc4 14. Qc1 e6
15. Bxg7 Kxg7 16. b3 Ne5 17. O-O b5 18. Qe3 b4 19. Na4 Ba6 20. Rfd1 Qc7 21. c4
bxc3 22. Nexc3 Rfd8 23. Rac1 Qe7 24. Rd2 Rac8 25. Rcd1 Nc6 26. Qf4 e5 27. Qe3
Nd4 28. Nd5 Qe6 29. Nac3 f5 30. exf5 gxf5 31. Rxd4 Qg6 32. Ra4 Rb8 33. Rxa6 f4
34. Qf2 1-0

[Event "21. Copenhagen Open  (Politiken Cup)"]
[Site "Copenhagen"]
[Date "1999.07.14"]
[Round "11"]
[White "Dinesen, Henrik"]
[Black "Rubeksen, Thomas H"]
[Result "1/2-1/2"]
[WhiteElo "1129"]
[BlackElo "1050"]
[PlyCount "54"]
[EventDate "1999.07.03"]
[EventType "swiss"]
[EventRounds "11"]
[EventCountry "DEN"]
[SourceDate "2004.01.01"]

1. d4 d5 2. c4 dxc4 3. Nf3 Bf5 4. Nc3 Nf6 5. Bg5 e6 6. Bxf6 Qxf6 7. e4 Bg4 8.
Qa4+ c6 9. Ne5 Bh5 10. Qxc4 Bd6 11. Nd3 Qe7 12. Be2 Bxe2 13. Nxe2 O-O 14. O-O
Qh4 15. f4 Nd7 16. e5 Bc7 17. Rf3 Nb6 18. Qb3 Rab8 19. Raf1 Nd5 20. Nc5 Nb6 21.
Qd3 Qe7 22. f5 exf5 23. Qxf5 f6 24. Ne6 Rf7 25. Nxc7 Qxc7 26. Qe6 Nd7 27. Qg4
Re8 1/2-1/2

[Event "21. Copenhagen Open  (Politiken Cup)"]
[Site "Copenhagen"]
[Date "1999.07.14"]
[Round "11"]
[White "El Kher, Henrik"]
[Black "Schandorff, Lars"]
[Result "0-1"]
[WhiteElo "2332"]
[BlackElo "2514"]
[PlyCount "56"]
[EventDate "1999.07.03"]
[EventType "swiss"]
[EventRounds "11"]
[EventCountry "DEN"]
[SourceDate "2004.01.01"]

1. e4 c5 2. Nf3 Nc6 3. Bb5 e6 4. O-O Nge7 5. Nc3 Ng6 6. Bxc6 bxc6 7. e5 f6 8.
exf6 gxf6 9. d3 d5 10. b3 Bd6 11. Na4 Qe7 12. c4 e5 13. Be3 Be6 14. Nd2 O-O 15.
cxd5 cxd5 16. Rc1 Rac8 17. Qc2 Kh8 18. Bxc5 Nf4 19. Nf3 Bg4 20. Kh1 Rg8 21. Nh4
Bxc5 22. Nxc5 Nxg2 23. Nxg2 Bf3 24. Rg1 Rxg2 25. Rxg2 Rg8 26. Rcg1 Rxg2 27.
Rxg2 Qg7 28. Ne6 Qxg2# 0-1

[Event "21. Copenhagen Open  (Politiken Cup)"]
[Site "Copenhagen"]
[Date "1999.07.14"]
[Round "11"]
[White "Elakany, Mohammed"]
[Black "Hau, Helge"]
[Result "0-1"]
[WhiteElo "1172"]
[BlackElo "1492"]
[PlyCount "80"]
[EventDate "1999.07.03"]
[EventType "swiss"]
[EventRounds "11"]
[EventCountry "DEN"]
[SourceDate "2004.01.01"]

1. c4 f5 2. Nc3 Nf6 3. Nf3 d6 4. e3 c5 5. d4 b6 6. Bd3 g6 7. O-O Bg7 8. Re1 O-O
9. e4 fxe4 10. Nxe4 Nc6 11. Be3 Rb8 12. Qd2 cxd4 13. Nxd4 Nxd4 14. Bxd4 e5 15.
Be3 Nxe4 16. Bxe4 Bb7 17. Bg5 Qc7 18. Bd5+ Kh8 19. f4 h6 20. Bh4 Rxf4 21. Bg3
Rd4 22. Qc3 Bxd5 23. cxd5 Qxc3 24. bxc3 Rxd5 25. Rad1 Rxd1 26. Rxd1 Rd8 27. Kf2
Bf6 28. Kf3 Kg7 29. Ke4 Kf7 30. Kd5 Ke7 31. Kc6 Rc8+ 32. Kb7 Rxc3 33. Kxa7 b5
34. Kb6 b4 35. Rb1 Rc4 36. Kb5 Rc2 37. Rxb4 Rxa2 38. Kc6 Rxg2 39. Rb7+ Ke6 40.
Rd7 Rc2+ 0-1

[Event "21. Copenhagen Open  (Politiken Cup)"]
[Site "Copenhagen"]
[Date "1999.07.14"]
[Round "11"]
[White "Fant, Goran"]
[Black "Madhy, Nezar"]
[Result "1-0"]
[WhiteElo "2066"]
[BlackElo "1689"]
[PlyCount "81"]
[EventDate "1999.07.03"]
[EventType "swiss"]
[EventRounds "11"]
[EventCountry "DEN"]
[SourceDate "2004.01.01"]

1. d4 Nf6 2. e3 e6 3. Bd3 b6 4. Nd2 Bb7 5. e4 c5 6. c3 cxd4 7. cxd4 Bb4 8. f3
Nc6 9. Ne2 O-O 10. a3 Be7 11. b4 Rc8 12. Bb2 d5 13. e5 Nd7 14. Qb1 h6 15. f4 f6
16. Bg6 Ba6 17. Nf3 Bxe2 18. Kxe2 f5 19. Rc1 a6 20. Qd3 b5 21. Rc3 Qb6 22. Rac1
Na7 23. Rc5 Rfd8 24. h4 Nf8 25. h5 Bxc5 26. dxc5 Qb7 27. Nd4 Nc6 28. g4 Nxd4+
29. Bxd4 Nxg6 30. hxg6 fxg4 31. Qg3 Rf8 32. Qxg4 Rf5 33. Ke3 Qc6 34. Rf1 Kf8
35. Kd3 Ke7 36. Be3 d4 37. Bxd4 Qd5 38. Rc1 Rd8 39. Qh4+ Kd7 40. c6+ Kc7 41.
Qe7+ 1-0

[Event "21. Copenhagen Open  (Politiken Cup)"]
[Site "Copenhagen"]
[Date "1999.07.14"]
[Round "11"]
[White "Gabrielsen, Stig"]
[Black "Skare, Karl Andre"]
[Result "1-0"]
[WhiteElo "2295"]
[BlackElo "2164"]
[PlyCount "59"]
[EventDate "1999.07.03"]
[EventType "swiss"]
[EventRounds "11"]
[EventCountry "DEN"]
[SourceDate "2004.01.01"]

1. e4 c6 2. d4 d5 3. f3 e6 4. Be3 Nf6 5. e5 Nfd7 6. f4 c5 7. Nf3 Nc6 8. Nc3 Qb6
9. Na4 Qa5+ 10. c3 cxd4 11. b4 Qc7 12. Nxd4 a6 13. Bd3 b5 14. Nb2 Nb6 15. O-O
g6 16. a4 bxa4 17. Nxa4 Nxa4 18. Rxa4 Bb7 19. Qa1 Nb8 20. Bb5+ axb5 21. Rxa8
Bxa8 22. Qxa8 Be7 23. Nxb5 Qd8 24. Qb7 O-O 25. Ra1 Qd7 26. Qxd7 Nxd7 27. Ra7
Rd8 28. Rc7 Bf8 29. Na7 Nb8 30. b5 1-0

[Event "21. Copenhagen Open  (Politiken Cup)"]
[Site "Copenhagen"]
[Date "1999.07.14"]
[Round "11"]
[White "Gislason, Ingolfur"]
[Black "Steindorsson, Sigurour P"]
[Result "0-1"]
[WhiteElo "1810"]
[BlackElo "2052"]
[PlyCount "70"]
[EventDate "1999.07.03"]
[EventType "swiss"]
[EventRounds "11"]
[EventCountry "DEN"]
[SourceDate "2004.01.01"]

1. d4 Nf6 2. c4 e6 3. Nc3 Bb4 4. e3 O-O 5. Bd3 d5 6. Nf3 c5 7. O-O Nc6 8. a3
Bxc3 9. bxc3 dxc4 10. Bxc4 Qc7 11. Qe2 b6 12. e4 cxd4 13. cxd4 Na5 14. Bd3 Bb7
15. Bg5 Nd7 16. Rac1 Qd6 17. e5 Qd5 18. Rc7 Rac8 19. Rfc1 Nb3 20. Rxc8 Bxc8 21.
Rd1 Na5 22. Be4 Qb3 23. Be7 Ba6 24. Bd3 Re8 25. Bxa6 Rxe7 26. Bd3 Qxa3 27. Qe4
g6 28. Qh4 Kg7 29. Ng5 h6 30. Ne4 Nc6 31. Nd6 Qa4 32. Be2 Ndxe5 33. g4 Qc2 34.
Re1 Qxe2 35. Rxe2 Nf3+ 0-1